segundas maiores cidades estaduais do BRASIL por população - Statistics

Estatísticas Gerais
  • Esse quiz foi jogado 74 vezes
  • A pontuação média é 16 de 27
Estatísticas das Respostas
ESTADO Resposta POPULAÇÃO % Correto
PR LONDRINA 555.965
91%
SC FLORIANÓPOLIS 537.213
84%
SP GUARULHOS 1.291.784
84%
RS CAXIAS DO SUL 463.338
82%
MG UBERLÂNDIA 713.224
82%
PB CAMPINA GRANDE 419.319
81%
RJ SÃO GONÇALO 896.744
78%
BA FEIRA DE SANTANA 616.212
74%
PE JABOATÃO DOS GUARARAPES 643.759
69%
MS DOURADOS 243.368
68%
RN MOSSORÓ 303.792
68%
ES VILA VELHA 467.722
68%
GO APARACIDA DE GOIÂNIA 601.844
66%
MA IMPERATRIZ 273.110
65%
PA ANANINDEUA 478.778
59%
AL ARAPIRACA 234.696
54%
AC CRUZEIRO DO SUL 91.888
53%
CE CAUCAIA 361.400
50%
MT VÁRZEA GRANDE 300.078
47%
PI PARNAÍBA 162.159
46%
TO ARAGUAINA 171.301
44%
RO JI-PARANÁ 131.026
41%
AM PARINTINS 116.419
40%
AP SANTANA 119.610
34%
SE NOSSA SENHORA DO SOCORRO 192.330
28%
RR RORAINÓPOLIS 31.387
21%
DF SAMAMBAIA 218.840
7%
Nenhum quiz correspondente encontrado
Distribuição das Pontuações
Porcentagem de Pessoas com Cada Pontuação
Percentil de Números Respondidos
Sua Pontuação Histórica
Você não jogou esse quiz